| 000 | 00504nam a2200121Ia 4500 | ||
|---|---|---|---|
| 008 | 220616s9999||||xx |||||||||||||| ||und|| | ||
| 100 | _aStaubli, Silvia | ||
| 245 | 0 |
_aTrusting the Police _bComparisons across Eastern and Western Europe |
|
| 546 | _aEnglish[eng] | ||
| 650 | _aprocedural justice||police||political sociology||sociology||politics||social trust||political science||society||trust||victimization | ||
| 856 | _uhttps://library.oapen.org/bitstream/20.500.12657/37529/1/634763.pdf | ||
| 942 | _cEB | ||
| 999 |
_c19514 _d19514 |
||